000 00611nam a2200181Ia 4500
008 090124s9999 xx 000 0 und d
082 _b2499
100 _aमेढेंकर बाळ सि.
245 _a मर्ढेकरांची कविता
250 _a1
260 _bमौज प्रकाशन
_c1959
300 _a166
600 _aमेढेंकर बाळ सि.
630 _a मर्ढेकरांची कविता
700 _aमेढेंकर बाळ सि.
730 _a मर्ढेकरांची कविता
942 _cBOOK
999 _c82444
_d82444